Mathematik für Wirtschaftswissenschaftler
Guardado en:
| Autor principal: | |
|---|---|
| Otros Autores: | |
| Formato: | Libro |
| Lenguaje: | alemán |
| Publicado: |
Wiesbaden
Gabler
1984
|
| Edición: | 3. durchges. Aufl. |
| Materias: | |
| Etiquetas: |
Sin Etiquetas, Sea el primero en etiquetar este registro!
|
MARC
| LEADER | 00000nam a2200000 4500 | ||
|---|---|---|---|
| 001 | c000018 | ||
| 005 | 20221220090715.9 | ||
| 020 | |a 3-409-95025-7 | ||
| 041 | 0 | |a ger | |
| 044 | |a DE | ||
| 245 | 1 | 0 | |a Mathematik für Wirtschaftswissenschaftler |c Claus C. Berg, Ulf-Günther Korb |
| 250 | |a 3. durchges. Aufl. | ||
| 264 | 1 | |a Wiesbaden |b Gabler |c 1984 | |
| 300 | |a 242 s. | ||
| 610 | 2 | 0 | |a matematika |
| 610 | 2 | 0 | |a programovanie lineárne |
| 610 | 2 | 0 | |a optimalizácia |
| 100 | 1 | |a Berg, Claus C. | |
| 700 | 1 | |a Korb, Ulf-Günther | |